Random Sequential Countries on the World Map - With Wammies - Statistics

General Stats
  • This quiz has been taken 166 times
  • The average score is 43 of 196
Answers on the Map
Answers color-coded by a green-red scale on the quiz's map according to % correct below.
 
Answer Stats
Country % Correct
Argentina
34%
France
34%
Mauritius
34%
Taiwan
34%
United Kingdom
34%
Venezuela
34%
Brazil
31%
Burkina Faso
31%
Malawi
31%
Portugal
31%
Turkmenistan
31%
Algeria
29%
Brunei
29%
Chad
29%
Denmark
29%
Egypt
29%
Finland
29%
Iceland
29%
India
29%
Italy
29%
Ivory Coast
29%
Jordan
29%
Kazakhstan
29%
New Zealand
29%
Peru
29%
Russia
29%
Sweden
29%
Switzerland
29%
Togo
29%
Uzbekistan
29%
Vietnam
29%
Andorra
26%
Angola
26%
Azerbaijan
26%
Belgium
26%
Cambodia
26%
Chile
26%
China
26%
Croatia
26%
Equatorial Guinea
26%
Ethiopia
26%
Germany
26%
Greece
26%
Indonesia
26%
Jamaica
26%
Japan
26%
Kiribati
26%
Laos
26%
Libya
26%
Mauritania
26%
Nepal
26%
North Korea
26%
Norway
26%
Oman
26%
Palau
26%
Papua New Guinea
26%
Paraguay
26%
São Tomé and Príncipe
26%
Saudi Arabia
26%
Senegal
26%
Serbia
26%
South Africa
26%
South Korea
26%
South Sudan
26%
Turkey
26%
Ukraine
26%
United States
26%
Afghanistan
23%
Australia
23%
Austria
23%
Bahrain
23%
Bolivia
23%
Botswana
23%
Bulgaria
23%
Canada
23%
Central African Republic
23%
Colombia
23%
Djibouti
23%
Eritrea
23%
Eswatini
23%
Fiji
23%
Ghana
23%
Guatemala
23%
Haiti
23%
Iran
23%
Ireland
23%
Israel
23%
Kyrgyzstan
23%
Lebanon
23%
Lesotho
23%
Madagascar
23%
Maldives
23%
Marshall Islands
23%
Mexico
23%
Moldova
23%
Mongolia
23%
Morocco
23%
Myanmar
23%
Nauru
23%
Niger
23%
Philippines
23%
Qatar
23%
Romania
23%
Singapore
23%
Slovenia
23%
Somalia
23%
Spain
23%
Sudan
23%
Syria
23%
Thailand
23%
United Arab Emirates
23%
Vatican City
23%
Yemen
23%
Albania
20%
Bangladesh
20%
Belarus
20%
Belize
20%
Benin
20%
Bhutan
20%
Bosnia and Herzegovina
20%
Cameroon
20%
Cape Verde
20%
Costa Rica
20%
Cuba
20%
Czech Republic
20%
Democratic Republic of the Congo
20%
Ecuador
20%
El Salvador
20%
Federated States of Micronesia
20%
Gabon
20%
Georgia
20%
Guinea-Bissau
20%
Guyana
20%
Iraq
20%
Kenya
20%
Kuwait
20%
Lithuania
20%
Luxembourg
20%
Mali
20%
Malta
20%
Mozambique
20%
Namibia
20%
Nicaragua
20%
North Macedonia
20%
Pakistan
20%
Panama
20%
Poland
20%
Seychelles
20%
Slovakia
20%
Sri Lanka
20%
Tajikistan
20%
Tuvalu
20%
Uganda
20%
Uruguay
20%
Vanuatu
20%
Zambia
20%
Armenia
17%
Bahamas
17%
Comoros
17%
Cyprus
17%
East Timor
17%
Hungary
17%
Liechtenstein
17%
Malaysia
17%
Netherlands
17%
Nigeria
17%
Samoa
17%
Sierra Leone
17%
Tanzania
17%
Tunisia
17%
Zimbabwe
17%
Dominican Republic
14%
Estonia
14%
Gambia
14%
Guinea
14%
Kosovo
14%
Latvia
14%
Liberia
14%
Monaco
14%
Montenegro
14%
Republic of the Congo
14%
Rwanda
14%
San Marino
14%
Solomon Islands
14%
Suriname
14%
Tonga
14%
Antigua and Barbuda
11%
Honduras
11%
Trinidad and Tobago
11%
Burundi
9%
Grenada
9%
Saint Kitts and Nevis
9%
Barbados
6%
Dominica
6%
Saint Vincent and the Grenadines
6%
Saint Lucia
3%
No matching quizzes found
Score Distribution
Percent of People with Each Score
Percentile by Number Answered
Your Score History
You have not taken this quiz